[Event "HCL-B129"]
[Site "www.playchess.de"]
[Date "2000.12.08"]
[Round "8"]
[White "ca_blonde"]
[Black "King_Safety"]
[WhiteElo "1750"]
[BlackElo "1223"]
[PlyCount "61"]
[Result "1-0"]

1.d4 d5 2.Nf3 c6 3.c4 Nf6 4.Nc3 e6 5.e3 Nbd7 6.Bd3 
dxc4 7.Bxc4 Nb6 8.Bd3 Be7 9.O-O O-O 10.e4 c5 
11.dxc5 Bxc5 12.e5 Nfd7 13.Bxh7+ Kxh7 14.Ng5+ Kg8 
15.Qh5 Re8 16.Qxf7+ Kh8 17.Nxe6 Qe7 18.Qh5+ Kg8 
19.Nc7 Rf8 20.Nxa8 Nxa8 21.Be3 b6 22.Rfe1 Nc7 
23.Rad1 Bxe3 24.Rxe3 Ne6 25.Nd5 Qe8 26.Qh4 Ba6 
27.Ne7+ Kf7 28.Rf3+ Nf6 29.exf6 Be2 30.Qh5+ g6 
31.Qxg6+ 1-0

[Event "HCL-B144"]
[Site "www.playchess.de"]
[Date "2000.12.08"]
[Round "1"]
[White "ggaarrii"]
[Black "mladsir"]
[WhiteElo "1387"]
[BlackElo "1500"]
[PlyCount "47"]
[Result "1-0"]

1.e4 e5 2.Nf3 Nc6 3.Bc4 Bc5 4.c3 Nf6 5.d4 exd4 
6.cxd4 Bb4+ 7.Nc3 Nxe4 8.O-O Nxc3 9.bxc3 Bxc3 
10.Qb3 Bxa1 11.Re1+ Ne7 12.Bxf7+ Kf8 13.Bg5 d5 
14.Bxe7+ Kxf7 15.Bxd8 Rxd8 16.Ne5+ Kg8 17.Rxa1 b6 
18.Nc6 Rd6 19.Ne7+ Kh8 20.Nxc8 Rxc8 21.Re1 c5 
22.Qb5 Rdc6 23.dxc5 R6xc5 24.Re8+ 1-0

[Event "HCL-C064"]
[Site "www.playchess.de"]
[Date "2000.12.08"]
[Round "2"]
[White "Dark_Knights"]
[Black "Mystery"]
[WhiteElo "1000"]
[BlackElo "1000"]
[PlyCount "63"]
[Result "1-0"]

1.e4 e5 2.Qh5 Nc6 3.Bc4 g6 4.Qd1 Bg7 5.Nf3 Nf6 
6.Ng5 O-O 7.O-O d6 8.Nc3 a6 9.b3 b5 10.Bd5 Nxd5 
11.Nxd5 h6 12.Nf3 Nd4 13.c3 c6 14.cxd4 cxd5 15.d3 
Bb7 16.Bb2 Qe7 17.exd5 Bxd5 18.Re1 f6 19.Rc1 Rfc8 
20.Qe2 Rxc1 21.Rxc1 g5 22.dxe5 dxe5 23.d4 Re8 
24.dxe5 fxe5 25.Nd2 Qf7 26.Ne4 Rf8 27.Ba3 Re8 
28.Nd6 Qg6 29.Qd2 Rf8 30.Qxd5+ Kh7 31.Nxb5 axb5 
32.Bxf8 1-0

[Event "HCL-C111"]
[Site "www.playchess.de"]
[Date "2000.12.08"]
[Round "19"]
[White "michalis"]
[Black "Nutz"]
[WhiteElo "1000"]
[BlackElo "1000"]
[PlyCount "51"]
[Result "1-0"]

1.e4 e5 2.Nf3 d6 3.d4 Nc6 4.d5 Nb4 5.a3 Na6 6.Be3 
Qd7 7.Nc3 Nf6 8.b4 c5 9.Bb5 Qxb5 10.Nxb5 Nxe4 
11.O-O Bd7 12.Qd3 Bf5 13.Ng5 Nxg5 14.Qxf5 Be7 
15.bxc5 g6 16.Nxd6+ Kf8 17.Qxe5 f6 18.Qb2 Rb8 
19.Bxg5 Kg7 20.Rfe1 Bd8 21.Re8 Rxe8 22.Nxe8+ Kf7 
23.Nd6+ Ke7 24.Qxf6+ Kd7 25.Qe6+ Kc7 
26.Ne8+ 1-0

[Event "HCL-C116"]
[Site "www.playchess.de"]
[Date "2000.12.08"]
[Round "14"]
[White "dakini"]
[Black "O_Man"]
[WhiteElo "1604"]
[BlackElo "1083"]
[PlyCount "39"]
[Result "1-0"]

1.e4 e5 2.f4 Nc6 3.Nf3 d6 4.Bb5 Bd7 5.Nc3 g6 
6.Bxc6 Nf6 7.Bxb7 Rb8 8.fxe5 Nxe4 9.Bxe4 Bg4 
10.Bc6+ Bd7 11.Bd5 dxe5 12.Nxe5 Be6 13.Nc6 Qd6 
14.Nxb8 Bxd5 15.Nxd5 Qxd5 16.Qg4 c6 17.d4 h5 
18.Qc8+ Ke7 19.O-O h4 20.Nxc6+ 1-0

[Event "HCL-C132"]
[Site "www.playchess.de"]
[Date "2000.12.08"]
[Round "14"]
[White "Tarahumara"]
[Black "Michael_Schenk"]
[WhiteElo "1128"]
[BlackElo "1059"]
[PlyCount "54"]
[Result "0-1"]

1.e4 c5 2.Bc4 g6 3.Qf3 e6 4.Nh3 Bg7 5.c3 Nc6 6.d3 
Nge7 7.Bg5 O-O 8.Qe3 b6 9.Bh6 Re8 10.Na3 d5 11.Qf4 
dxc4 12.Ng5 f5 13.Bxg7 Kxg7 14.Nxc4 h6 15.exf5 
exf5 16.Nf3 Nd5+ 17.Qe5+ Nxe5 18.Nfxe5 b5 19.O-O-O 
Qg5+ 20.Kb1 bxc4 21.Nxc4 Re6 22.d4 Rb8 23.dxc5 
Nxc3+ 24.Ka1 Nxd1 25.Rxd1 Ba6 26.Ne3 Qf6 27.Nd5 
Qxb2+ 0-1

[Event "HCL-C132"]
[Site "www.playchess.de"]
[Date "2000.12.08"]
[Round "17"]
[White "sid317"]
[Black "AragonMat"]
[WhiteElo "693"]
[BlackElo "1000"]
[PlyCount "32"]
[Result "0-1"]

1.e4 e5 2.Nf3 Qf6 3.Bc4 Bc5 4.O-O Nc6 5.Nc3 Be7 
6.d3 d6 7.Nd5 Qg6 8.Nxc7+ Kf8 9.Nxa8 Bh3 10.g3 
Bxf1 11.Qxf1 Nf6 12.Be3 Ng4 13.Bd2 Qh5 14.d4 Nxd4 
15.Be2 Nxf3+ 16.Bxf3 Qxh2+ 0-1

[Event "HCL-C139"]
[Site "www.playchess.de"]
[Date "2000.12.08"]
[Round "4"]
[White "Coney"]
[Black "perell"]
[WhiteElo "984"]
[BlackElo "1000"]
[PlyCount "36"]
[Result "0-1"]

1.d4 d5 2.c4 e6 3.Nc3 Nf6 4.Nf3 Be7 5.cxd5 exd5 
6.Bg5 O-O 7.Qc2 Nbd7 8.e4 dxe4 9.Nxe4 Nxe4 10.Bd3 
Nxg5 11.Nxg5 Bxg5 12.Bxh7+ Kh8 13.h4 Re8+ 14.Kf1 
Bh6 15.h5 Nf6 16.Bg6 Be6 17.Qa4 Qd5 18.Rh4 
Qc4+ 0-1

[Event "HCL-C144"]
[Site "www.playchess.de"]
[Date "2000.12.08"]
[Round "4"]
[White "lsoule"]
[Black "PianoTuner"]
[WhiteElo "1000"]
[BlackElo "1000"]
[PlyCount "24"]
[Result "0-1"]

1.e4 c5 2.Nf3 e6 3.d4 Nc6 4.e5 cxd4 5.Nxd4 Nxe5 
6.Qh5 Qa5+ 7.Bd2 Nd3+ 8.Bxd3 Qxh5 9.Nc3 Nf6 10.f3 
Qh4+ 11.g3 Qxd4 12.O-O-O d5 0-1

[Event "HCL-C144"]
[Site "www.playchess.de"]
[Date "2000.12.08"]
[Round "7"]
[White "Mother_Teresa"]
[Black "lsoule"]
[WhiteElo "1172"]
[BlackElo "1000"]
[PlyCount "81"]
[Result "1-0"]

1.e4 e5 2.Nf3 Nc6 3.Nc3 Nf6 4.Bc4 Nxe4 5.Nxe4 d5 
6.Bb5 dxe4 7.Bxc6+ bxc6 8.Nxe5 Qf6 9.d4 c5 10.c3 
cxd4 11.cxd4 c5 12.Be3 h5 13.O-O Bd6 14.Qa4+ Kf8 
15.Nd7+ Bxd7 16.Qxd7 cxd4 17.Bd2 Bf4 18.Bxf4 Qxf4 
19.Qxd4 f5 20.Qc5+ Kg8 21.Rad1 e3 22.fxe3 Qg4 
23.Qd5+ Kh7 24.Qxf5+ Qxf5 25.Rxf5 Kh6 26.Rd6+ g6 
27.Rff6 Rhg8 28.b4 Rae8 29.Kf2 Reb8 30.a3 a5 
31.bxa5 Rb2+ 32.Kf3 Ra2 33.Rd3 Kg5 34.Rf7 Ra8 
35.Rd5+ Kh6 36.h4 Rxa3 37.Rdd7 Rh8 38.Rda7 Ra1 
39.Kg3 Rc1 40.a6 Rcc8 41.Rab7 1-0

[Event "HCL-M002"]
[Site "www.playchess.de"]
[Date "2000.12.08"]
[Round "5"]
[White "Sebastian"]
[Black "varelagm"]
[WhiteElo "2200"]
[BlackElo "2200"]
[PlyCount "42"]
[Result "0-1"]

1.d4 d5 2.Nc3 Nf6 3.Nf3 Bf5 4.e4 dxe4 5.Nh4 e6 
6.Bf4 Bg4 7.f3 Bb4 8.fxe4 Bxd1 9.Rxd1 Nxe4 10.Bc4 
Qxh4+ 11.Ke2 Qxf4 12.Rdf1 Qg4+ 13.Ke3 Nxc3 14.bxc3 
Bxc3 15.d5 Qxc4 16.Rf4 Bd2+ 17.Kf3 Qxf4+ 18.Ke2 
exd5 19.Rf1 Qe3+ 20.Kd1 O-O 21.a4 
Bc3 0-1

[Event "ACL-A037"]
[Site "www.playchess.de"]
[Date "2000.12.08"]
[Round "17"]
[White "sargon"]
[Black "Pietros"]
[WhiteElo "1500"]
[BlackElo "1245"]
[PlyCount "30"]
[Result "0-1"]

1.e4 e5 2.Nf3 d6 3.d4 Nf6 4.Nc3 Nbd7 5.Bc4 Be7 
6.Bg5 Nb6 7.Bb3 Bg4 8.dxe5 dxe5 9.Qxd8+ Rxd8 
10.Nxe5 Be6 11.Bxe6 fxe6 12.Rd1 Rxd1+ 13.Kxd1 O-O 
14.f3 h6 15.Bh4 Bd6 0-1

[Event "ACL-A037"]
[Site "www.playchess.de"]
[Date "2000.12.08"]
[Round "30"]
[White "sargon"]
[Black "Spade"]
[WhiteElo "1500"]
[BlackElo "1500"]
[PlyCount "28"]
[Result "0-1"]

1.e4 d5 2.exd5 Nf6 3.c4 e6 4.dxe6 Bxe6 5.d4 Bb4+ 
6.Bd2 Bxd2+ 7.Qxd2 Qe7 8.Nc3 Bxc4+ 9.Qe3 Bxf1 
10.Qxe7+ Kxe7 11.Kxf1 Nc6 12.Nb5 Rhd8 13.Nxc7 Rac8 
14.Nb5 a6 0-1

[Event "ACL-A053"]
[Site "www.playchess.de"]
[Date "2000.12.08"]
[Round "7"]
[White "Goofy"]
[Black "hun"]
[WhiteElo "1695"]
[BlackElo "1605"]
[PlyCount "74"]
[Result "1-0"]

1.d4 d5 2.Nf3 Nf6 3.c4 dxc4 4.Nc3 Nc6 5.e4 Bg4 
6.Be3 Na5 7.Qa4+ c6 8.b4 cxb3 9.e.p axb3 10.Bxf3 
gxf3 11.e6 Bd2 12.b6 b4 13.Nb3 Qxb3 14.Qxd4 Qa4 
15.Qd7 Be3 16.Qc7 Rc1 17.Nd7 Nb5 18.cxb5 Bxb5 
19.Qd6 O-O 20.Be7 Rfd1 21.Qxb4 Bxd7+ 22.Kf8 Qa6 
23.Kg8 Bc6 24.Rf8 Qxa7 25.Bd8 Rd7 26.Qa5 Rcd1 
27.Bh4 Qxa5 28.bxa5 Ra7 29.Bf6 Rdd7 30.h6 f4 
31.Bc3 e5 32.g5 f5 33.exf5 Bc5 34.Kg7 Bxf8+ 
35.Rxf8 e6 36.Bf6 Rdxf7+ 37.Rxf7 
Rxf7+ 1-0

[Event "ACL-A057"]
[Site "www.playchess.de"]
[Date "2000.12.08"]
[Round "7"]
[White "Bauernopfer"]
[Black "Mother_Teresa"]
[WhiteElo "1499"]
[BlackElo "1518"]
[PlyCount "51"]
[Result "1-0"]

1.e4 e5 2.Bc4 Nc6 3.d3 Nf6 4.Nf3 Bc5 5.O-O O-O 
6.Nc3 d6 7.Bg5 Bg4 8.h3 Bh5 9.Nd5 Nd4 10.Bxf6 
Nxf3+ 11.Qxf3 Bxf3 12.Bxd8 Bxg2 13.Kxg2 Raxd8 
14.Nxc7 a6 15.Nd5 b5 16.Bb3 a5 17.Ne7+ Kh8 18.a4 
Rd7 19.Nc6 bxa4 20.Rxa4 Bb6 21.Nxa5 Rc8 22.Nc4 Bc5 
23.c3 g6 24.Bc2 Kg7 25.b4 d5 26.Nxe5 1-0

[Event "ACL-A067"]
[Site "www.playchess.de"]
[Date "2000.12.08"]
[Round "19"]
[White "player27"]
[Black "traga"]
[WhiteElo "1705"]
[BlackElo "1794"]
[PlyCount "30"]
[Result "1/2-1/2"]

1.e4 e5 2.Nf3 Nf6 3.d4 Nxe4 4.Bd3 d5 5.Nxe5 Nd7 
6.Nxf7 Kxf7 7.Qh5+ Ke6 8.Qe2 Kf7 9.Qh5+ Ke6 10.Qe2 
Kf7 11.Qh5+ Ke7 12.Qe2 Kf7 13.Qh5+ Ke6 14.Qe2 Kf7 
15.Qh5+ Ke7 1/2-1/2

[Event "ACL-A070"]
[Site "www.playchess.de"]
[Date "2000.12.08"]
[Round "32"]
[White "Mr_Arnaud"]
[Black "Alcoholic"]
[WhiteElo "1240"]
[BlackElo "1517"]
[PlyCount "37"]
[Result "1/2-1/2"]

1.e4 e5 2.Nf3 Nf6 3.Nc3 Nc6 4.Bc4 Bc5 5.d3 d6 
6.O-O Bg4 7.Na4 Nd4 8.Nxc5 Bxf3 9.gxf3 dxc5 10.c3 
Nc6 11.Qb3 Na5 12.Bxf7+ Kf8 13.Qe6 Qxd3 14.Be3 Qd6 
15.Qxd6+ cxd6 16.Be6 Ke7 17.Bg4 Nc4 18.b3 Nxe3 
19.fxe3 1/2-1/2

[Event "ACL-A074"]
[Site "www.playchess.de"]
[Date "2000.12.08"]
[Round "15"]
[White "AragonMat"]
[Black "Tarahumara"]
[WhiteElo "1500"]
[BlackElo "947"]
[PlyCount "21"]
[Result "1-0"]

1.e4 e5 2.Qf3 Bc5 3.Bc4 Qh4 4.a4 a5 5.Nc3 b6 6.b3 
h5 7.d3 d6 8.Bg5 g6 9.Nb5 Nh6 10.Bxh4 Ng4 
11.Qxf7+ 1-0

[Event "HCL-A036"]
[Site "www.playchess.de"]
[Date "2000.12.09"]
[Round "13"]
[White "SunTzu"]
[Black "mkluwe"]
[WhiteElo "1700"]
[BlackElo "2037"]
[PlyCount "24"]
[Result "0-1"]

1.e4 c5 2.Nf3 e6 3.d4 cxd4 4.c3 dxc3 5.Nxc3 Nc6 
6.Bc4 Bb4 7.O-O a6 8.Qe2 Nge7 9.Bg5 f6 10.Be3 b5 
11.Bb3 Na5 12.Nh4 O-O 0-1

[Event "HCL-A040"]
[Site "www.playchess.de"]
[Date "2000.12.09"]
[Round "19"]
[White "vrad"]
[Black "Fred"]
[WhiteElo "1700"]
[BlackElo "1762"]
[PlyCount "25"]
[Result "1-0"]

1.e4 c5 2.Nf3 d6 3.d4 cxd4 4.Nxd4 Nf6 5.Nc3 a6 
6.a4 e6 7.Bc4 Be7 8.O-O Nc6 9.Be3 O-O 10.Qe2 Qc7 
11.Rad1 b6 12.f3 Bb7 13.Qf2 1-0

[Event "HCL-B094"]
[Site "www.playchess.de"]
[Date "2000.12.09"]
[Round "3"]
[White "Gabriele"]
[Black "PDelaquess"]
[WhiteElo "1659"]
[BlackElo "1418"]
[PlyCount "58"]
[Result "0-1"]

1.b4 e5 2.Bb2 f6 3.b5 d5 4.e3 c5 5.c4 dxc4 6.Bxc4 
Ne7 7.Nf3 a6 8.a4 Nd5 9.Bxd5 Qxd5 10.Nc3 Qf7 
11.O-O c4 12.Re1 Nd7 13.d3 cxd3 14.Qxd3 Nc5 15.Qd5 
Be6 16.Qd1 Rd8 17.Qc2 Nd3 18.Red1 Bg4 19.Rxd3 Bxf3 
20.Rxd8+ Kxd8 21.gxf3 Qg6+ 22.Qxg6 hxg6 23.Rd1+ 
Ke8 24.bxa6 bxa6 25.Nd5 Bd6 26.Bc3 Kf7 27.Nxf6 Bb8 
28.Ng4 Ke6 29.f4 exf4 0-1

[Event "HCL-B095"]
[Site "www.playchess.de"]
[Date "2000.12.09"]
[Round "6"]
[White "Gorodish"]
[Black "traga"]
[WhiteElo "1789"]
[BlackElo "1200"]
[PlyCount "103"]
[Result "1-0"]

1.d4 d5 2.c4 dxc4 3.Nf3 b5 4.a4 c6 5.e3 Bg4 6.axb5 
cxb5 7.b3 e5 8.h3 Bh5 9.g4 Bg6 10.bxc4 exd4 
11.Nxd4 Be4 12.Rg1 b4 13.Nd2 Bb7 14.Bb2 Nd7 15.Qa4 
Ngf6 16.Bg2 Bxg2 17.Rxg2 Qb6 18.Nf5 Rg8 19.Bd4 Qe6 
20.Qb5 Rb8 21.Qa4 b3 22.Nxb3 Rb4 23.Qa2 Qc6 24.Rg1 
g6 25.Bxf6 Nxf6 26.Nfd4 Qxc4 27.Qxa7 Qc3+ 28.Kf1 
Bd6 29.Rc1 Qd3+ 30.Kg2 Qe4+ 31.f3 Qb7 32.Qxb7 Rxb7 
33.g5 Ke7 34.gxf6+ Kxf6 35.Rc6 Ke7 36.Rd1 Re8 
37.Rc2 Kf6 38.Nd2 Kg7 39.Nc4 Be7 40.Nc6 f5 41.Nxe7 
Rexe7 42.Rcd2 Rb4 43.R2d4 Rc7 44.Nd6 Rxd4 45.Rxd4 
Rc3 46.Kf2 Kf6 47.h4 h6 48.Rc4 Rxc4 49.Nxc4 Ke7 
50.Kg3 Kf7 51.h5 gxh5 52.Kh4 1-0

[Event "HCL-B124"]
[Site "www.playchess.de"]
[Date "2000.12.09"]
[Round "21"]
[White "Salo"]
[Black "uiai"]
[WhiteElo "1500"]
[BlackElo "1200"]
[PlyCount "43"]
[Result "1-0"]

1.e4 e5 2.f4 d5 3.exd5 c6 4.Nc3 exf4 5.Nf3 Nf6 
6.d4 Be7 7.Bxf4 Nxd5 8.Nxd5 cxd5 9.Bd3 Nc6 10.O-O 
O-O 11.c3 Bg4 12.Qc2 h6 13.Qd2 Bxf3 14.Rxf3 Bg5 
15.Bxg5 hxg5 16.Raf1 f6 17.Rh3 Ne7 18.Qxg5 fxg5 
19.Bh7+ Kh8 20.Bf5+ Kg8 21.Be6+ Rf7 
22.Rxf7 1-0

[Event "ACL-A037"]
[Site "www.playchess.de"]
[Date "2000.12.09"]
[Round "8"]
[White "sargon"]
[Black "Gearloose"]
[WhiteElo "1500"]
[BlackElo "1885"]
[PlyCount "26"]
[Result "0-1"]

1.e4 e6 2.d4 d5 3.Nc3 Bb4 4.e5 c5 5.a3 Bxc3+ 
6.bxc3 Qc7 7.Qg4 Ne7 8.Qxg7 Rg8 9.Qxh7 cxd4 10.Kd1 
dxc3 11.Nf3 Nbc6 12.Bb5 Bd7 13.Bxc6 
Bxc6 0-1

[Event "CCL-E006"]
[Site "www.playchess.de"]
[Date "2000.12.09"]
[Round "11"]
[White "lazer"]
[Black "skull78"]
[WhiteElo "2401"]
[BlackElo "2000"]
[PlyCount "29"]
[Result "1-0"]

1.e4 Nf6 2.e5 Ng4 3.Qxg4 Nc6 4.Qf4 d5 5.Nf3 g6 
6.Bb5 a6 7.Bxc6+ bxc6 8.O-O a5 9.Ng5 f6 10.exf6 
exf6 11.Re1+ Be7 12.Qxf6 Rf8 13.Qg7 Rb8 14.Nxh7 
Kd7 15.d4 1-0

[Event "HCL-B080"]
[Site "www.playchess.de"]
[Date "2001.01.06"]
[Round "4"]
[White "King_Safety"]
[Black "csadler"]
[WhiteElo "1357"]
[BlackElo "1070"]
[PlyCount "87"]
[Result "1-0"]

1.d4 Nf6 2.Nf3 e6 3.Bf4 d5 4.e3 Bd6 5.Bg3 Bxg3 
6.fxg3 O-O 7.Bd3 b6 8.Nbd2 Ba6 9.Bxa6 Nxa6 10.c3 
c5 11.Qc2 Rc8 12.O-O cxd4 13.exd4 Qd6 14.Ng5 h6 
15.Rxf6 hxg5 16.Rff1 Nb4 17.Qa4 Nd3 18.Rf3 Nxb2 
19.Qxa7 Rc7 20.Qa6 Nc4 21.Rd1 Nxd2 22.Rxd2 Rfc8 
23.Qf1 R7xc3 24.Rb2 R3c1 25.Rbf2 Rxf1+ 26.R2xf1 
Rc7 27.h3 f6 28.Rb1 Rc2 29.Rfb3 Rxa2 30.Kh2 Ra4 
31.R3xb6 Qe7 32.R6b7 Qa3 33.R7b8+ Kh7 34.Re8 Rxd4 
35.Rb7 Kg6 36.Rg8 Rd1 37.g4 f5 38.Rgxg7+ Kf6 
39.Rbf7+ Ke5 40.gxf5 exf5 41.Rxg5 Qc1 42.Rfxf5+ 
Ke4 43.Rfe5+ Kf4 44.Rgf5+ 1-0

[Event "HCL-C095"]
[Site "www.playchess.de"]
[Date "2001.01.07"]
[Round "2"]
[White "katrina"]
[Black "Fiver"]
[WhiteElo "828"]
[BlackElo "1000"]
[PlyCount "69"]
[Result "1-0"]

1.d4 e5 2.e4 d6 3.Nf3 Nd7 4.d5 Ngf6 5.Bd3 h6 6.O-O 
b6 7.Re1 Nc5 8.Bb5+ Bd7 9.Bxd7+ Qxd7 10.Nbd2 Qg4 
11.h3 Qg6 12.Nh4 Qh7 13.Qe2 O-O-O 14.b4 Nfxe4 
15.Nxe4 Nxe4 16.Qxe4 g6 17.Qc4 g5 18.Nf3 Qg6 
19.Qc6 Kb8 20.a4 g4 21.hxg4 Qxg4 22.a5 Rg8 23.g3 
Qxb4 24.a6 Kc8 25.Qb7+ Kd7 26.Qxa7 Be7 27.Qb7 Qc5 
28.Be3 Qxc2 29.Rac1 Rdb8 30.Rxc2 Rxb7 31.axb7 Rb8 
32.Rec1 Rxb7 33.Bxh6 Bd8 34.Ng5 Bxg5 
35.Bxg5 1-0

[Event "ACL-A045"]
[Site "www.playchess.de"]
[Date "2001.01.10"]
[Round "9"]
[White "Goofy"]
[Black "player27"]
[WhiteElo "1500"]
[BlackElo "1724"]
[PlyCount "137"]
[Result "1-0"]

1.d4 Nf6 2.c4 e6 3.Nc3 Bb4 4.e3 O-O 5.Bd3 d5 6.Nf3 
c5 7.O-O Nc6 8.a3 dxc4 9.Bxc4 cxd4 10.exd4 Be7 
11.Re1 b6 12.Bf4 Bb7 13.Ba2 Bd6 14.Bg5 Be7 15.Qd2 
Na5 16.Ne5 h6 17.Bxh6 Nd5 18.b4 gxh6 19.Bxd5 Bg5 
20.f4 Bxd5 21.bxa5 Bf6 22.Re3 Bg7 23.Rg3 Rc8 
24.axb6 axb6 25.f5 Kh7 26.Qd3 Kh8 27.Nxd5 Qxd5 
28.Re3 exf5 29.Rd1 f4 30.Qe4 Qxe4 31.Rxe4 Rc3 
32.Rxf4 Rxa3 33.Nd7 Re8 34.d5 Ra2 35.Rf2 Rxf2 
36.Kxf2 b5 37.Kf3 b4 38.Rd3 Rd8 39.Nc5 Bf8 40.Nb7 
Rb8 41.Na5 Bd6 42.h4 Rb5 43.Nb3 Kg7 44.g4 Kg6 
45.Ke4 Rb8 46.Nd4 Re8+ 47.Kf3 h5 48.gxh5+ Kxh5 
49.Nf5 Rd8 50.Ke4 Re8+ 51.Kd4 Be5+ 52.Kc4 Rb8 
53.Kb3 Rb6 54.d6 Bxd6 55.Nxd6 Kxh4 56.Nxf7 Kg4 
57.Nd8 Kf5 58.Rd7 Rg6 59.Kxb4 Kg4 60.Kc4 Kh3 
61.Kd3 Kg2 62.Nf7 Rg3+ 63.Ke2 Rg7 64.Ra7 Rh7 
65.Ke3 Kg3 66.Ke4 Kg2 67.Ra2+ Kg3 68.Ne5 Rh4+ 
69.Ke3 1-0

[Event "HCL-B091"]
[Site "www.playchess.de"]
[Date "2001.01.12"]
[Round "4"]
[White "Arn"]
[Black "Tsjernobyl"]
[WhiteElo "1197"]
[BlackElo "1200"]
[PlyCount "62"]
[Result "0-1"]

1.e4 e6 2.d3 b6 3.Nc3 Bb7 4.d4 Bb4 5.Bd2 Nc6 6.Bb5 
Nxd4 7.Be3 Bxc3+ 8.bxc3 Nxb5 9.f3 Ne7 10.c4 Nc3 
11.Qd3 Na4 12.Ne2 O-O 13.O-O Bc6 14.Nd4 a6 15.Rf2 
Bb7 16.Qb3 Nc5 17.Qb2 d6 18.e5 dxe5 19.Rd1 exd4 
20.Bxd4 Na4 21.Qc1 Nf5 22.Be5 Qe7 23.Bd4 Rad8 
24.Ba1 Rxd1+ 25.Qxd1 Rd8 26.Rd2 Rxd2 27.Qxd2 Qd6 
28.Qg5 h6 29.Qg4 Qd1+ 30.Kf2 Qd2+ 31.Kg1 
Qe1+ 0-1

[Event "ACL-A025"]
[Site "www.playchess.de"]
[Date "2001.01.15"]
[Round "9"]
[White "anpadi"]
[Black "pird"]
[WhiteElo "1500"]
[BlackElo "1686"]
[PlyCount "53"]
[Result "0-1"]

1.d4 f5 2.Nf3 Nf6 3.g3 g6 4.Bg2 Bg7 5.c4 O-O 6.O-O 
d6 7.d5 e5 8.dxe6 e.p 9.Qe7 Nc3 10.Bxe6 Ng5 
11.Nbd7 Nxe6 12.Qxe6 Bxb7 13.Rab8 Bd5 14.Nxd5 cxd5 
15.Qe7 Qc2 16.Nb6 Rd1 17.Nc4 Rb1 18.Rfe8 Bf4 19.a5 
Rd3 20.Rb4 a3 21.Rbb8 Na4 22.Ne5 Rd2 23.Nf7 Nc3 
24.Qd7 Rd3 25.Ne5 Bxe5 26.Bxe5 e3 
27.h6 0-1

[Event "HCL-B090"]
[Site "www.playchess.de"]
[Date "2001.01.17"]
[Round "7"]
[White "Inge_Heumann"]
[Black "Torenvalk"]
[WhiteElo "1500"]
[BlackElo "1500"]
[PlyCount "49"]
[Result "1/2-1/2"]

1.e4 e5 2.f4 exf4 3.Nf3 g5 4.Bc4 Nc6 5.h4 d6 
6.Nxg5 Nh6 7.Bxf7+ Nxf7 8.Nxf7 Kxf7 9.Qh5+ Kg8 
10.O-O Qf6 11.c3 Qe5 12.Qf3 Bh6 13.d4 Nxd4 14.cxd4 
Qxd4+ 15.Kh1 Qf6 16.g3 Kg7 17.Bxf4 Bxf4 18.Qxf4 
Qxf4 19.Rxf4 Bd7 20.Nc3 Rhf8 21.Raf1 Rxf4 22.Rxf4 
c6 23.Kg2 Rf8 24.Kf3 h5 25.Rxf8 1/2-1/2

[Event "ACL-A025"]
[Site "www.playchess.de"]
[Date "2001.01.17"]
[Round "7"]
[White "anpadi"]
[Black "Utesch"]
[WhiteElo "1500"]
[BlackElo "1500"]
[PlyCount "80"]
[Result "0-1"]

1.d4 Nf6 2.Nf3 g6 3.c4 Bg7 4.Nc3 O-O 5.e4 d6 6.Be2 
e5 7.dxe5 dxe5 8.Qxd8 Rxd8 9.Bg5 Rf8 10.O-O Nbd7 
11.Rfd1 c6 12.Rd6 Ne8 13.Rd2 Nef6 14.Bxf6 Bxf6 
15.Rad1 Nc5 16.b4 Ne6 17.Kf1 Nd4 18.Nxd4 exd4 
19.Na4 Re8 20.Nc5 a5 21.bxa5 Rxa5 22.Nb3 Rae5 
23.R2xd4 R5e7 24.R4d8 R7xe4 25.Rxe8+ Rxe8 26.a4 
Kg7 27.h3 Bc3 28.f3 Bb4 29.Bd3 Kf6 30.Nd4 Kg5 
31.Bc2 f5 32.Ne2 Be6 33.Bb3 Bc5 34.f4+ Kf6 35.Nc1 
h6 36.g3 g5 37.Nd3 Bd4 38.Nc1 Be3 39.Ne2 Re7 
40.Rd8 Bf7 0-1

[Event "HCL-B074"]
[Site "www.playchess.de"]
[Date "2001.01.18"]
[Round "16"]
[White "appieh58"]
[Black "paule"]
[WhiteElo "1340"]
[BlackElo "1762"]
[PlyCount "72"]
[Result "0-1"]

1.e4 e6 2.d4 d5 3.e5 c5 4.c3 Nc6 5.Nf3 Qb6 6.Be2 
cxd4 7.cxd4 Nge7 8.Nc3 Nf5 9.Bb5 Bd7 10.Bxc6 Bxc6 
11.a3 Be7 12.O-O O-O 13.g4 Nh6 14.Bxh6 gxh6 15.Qd2 
Kh8 16.Rab1 Rfg8 17.h3 h5 18.g5 h6 19.h4 hxg5 
20.hxg5 Qd8 21.Kh2 Bxg5 22.Qe2 Rc8 23.Rfh1 Bf4+ 
24.Kh3 Qf8 25.Rbg1 Qh6 26.Nh2 Qh7 27.Ng4 Rxg4 
28.Rxg4 hxg4+ 29.Kg2 Bh6 30.Kf1 Rg8 31.f3 g3 
32.Kg2 a6 33.Rh3 Qg6 34.Qe3 Kh7 35.Ne2 Bb5 36.Nxg3 
Qxg3+ 0-1

[Event "HCL-E010"]
[Site "www.playchess.de"]
[Date "2001.01.18"]
[Round "12"]
[White "KARFOPOULOS"]
[Black "Anicca"]
[WhiteElo "2000"]
[BlackElo "2000"]
[PlyCount "31"]
[Result "1-0"]

1.d4 Nf6 2.c4 e6 3.Nf3 Bb4+ 4.Bd2 c5 5.Bxb4 cxb4 
6.Qb3 Qe7 7.e3 b6 8.Bd3 Bb7 9.Nbd2 O-O 10.O-O d5 
11.cxd5 Bxd5 12.Qc2 Bb7 13.Rfc1 Na6 14.Qa4 Nc7 
15.Ne5 a5 16.Nd7 1-0

[Event "HCL-A024"]
[Site "www.playchess.de"]
[Date "2001.01.19"]
[Round "22"]
[White "Brrrr"]
[Black "tyhee"]
[WhiteElo "1589"]
[BlackElo "2054"]
[PlyCount "92"]
[Result "1/2-1/2"]

1.d4 d5 2.c4 dxc4 3.e4 e5 4.Nf3 exd4 5.Bxc4 Bb4+ 
6.Bd2 Bxd2+ 7.Nbxd2 Nc6 8.Nb3 Nf6 9.e5 Ng4 10.Bb5 
Bd7 11.Bxc6 Bxc6 12.Nbxd4 Bxf3 13.Nxf3 O-O 14.O-O 
Re8 15.Re1 Qxd1 16.Raxd1 Rad8 17.h3 Nh6 18.g4 Kf8 
19.a3 Rxd1 20.Rxd1 Ng8 21.b3 f6 22.Rd7 Re7 23.Rd8+ 
Re8 24.Rxe8+ Kxe8 25.Kg2 Kd7 26.b4 b6 27.Kg3 c5 
28.bxc5 bxc5 29.Kf4 Ke6 30.exf6 Nxf6 31.Nh4 Kd5 
32.Nf5 c4 33.Ke3 g5 34.Nh6 Ne4 35.f3 Nd6 36.Kd2 
Kc5 37.Nf5 Nb5 38.Ng3 Kd4 39.a4 c3+ 40.Kc1 Na3 
41.Ne4 h6 42.Kd1 c2+ 43.Kd2 Kc4 44.Ng3 Kb3 45.Kc1 
Kc3 46.f4 gxf4 1/2-1/2

[Event "HCL-B053"]
[Site "www.playchess.de"]
[Date "2001.01.19"]
[Round "17"]
[White "ric70"]
[Black "wolverine"]
[WhiteElo "1200"]
[BlackElo "1200"]
[PlyCount "101"]
[Result "1-0"]

1.d4 Nf6 2.c4 g6 3.Nc3 Bg7 4.e4 d6 5.Nf3 O-O 6.Be2 
c5 7.d5 Bg4 8.Qb3 b6 9.Bf4 Nbd7 10.O-O a6 11.h3 
Bxf3 12.Bxf3 Ne5 13.Bd1 Rb8 14.Bg5 b5 15.cxb5 c4 
16.Qb4 axb5 17.Bc2 Qb6 18.Be3 Qb7 19.f4 Ned7 
20.Rad1 Rfc8 21.Rfe1 Nh5 22.g4 Nhf6 23.g5 Ne8 
24.a4 bxa4 25.Qxb7 Rxb7 26.Bxa4 Rd8 27.Re2 Rb4 
28.Bc6 Nb8 29.Bxe8 Rxe8 30.e5 Nd7 31.Bd4 Ra8 
32.exd6 exd6 33.Ne4 Bxd4+ 34.Rxd4 Ra1+ 35.Kf2 Ra2 
36.b3 Rxe2+ 37.Kxe2 Rxb3 38.Rxc4 Kg7 39.Nxd6 Rxh3 
40.Rc8 Nb6 41.Rb8 Nd7 42.Rb7 Nc5 43.Rxf7+ Kg8 
44.Rc7 Nd3 45.Rc4 Nb2 46.Rc8+ Kg7 47.Ne8+ Kf7 
48.Nf6 Nd3 49.d6 Nxf4+ 50.Kf2 Rd3 
51.d7 1-0

[Event "HCL-C055"]
[Site "www.playchess.de"]
[Date "2001.01.19"]
[Round "19"]
[White "Pelikan"]
[Black "Rygars"]
[WhiteElo "1205"]
[BlackElo "1456"]
[PlyCount "60"]
[Result "0-1"]

1.e4 c6 2.d4 d5 3.Nd2 dxe4 4.Nxe4 Nf6 5.Ng5 h6 
6.N5f3 c5 7.Bb5+ Bd7 8.Bxd7+ Nbxd7 9.dxc5 e5 
10.Ne2 Bxc5 11.O-O O-O 12.Ng3 Qc7 13.Qe2 Rfe8 
14.c3 e4 15.Nd4 Bxd4 16.cxd4 Nb6 17.Be3 Nbd5 18.a3 
Qd7 19.Rac1 Re6 20.Rc2 Rae8 21.Rfc1 a6 22.Nf1 Rb6 
23.Nd2 Ng4 24.Nc4 Rg6 25.Kh1 b5 26.Nd2 f5 27.Nb3 
f4 28.Bd2 f3 29.gxf3 Nxh2 30.Kxh2 
Qf5 0-1

[Event "HCL-C137"]
[Site "www.playchess.de"]
[Date "2001.01.19"]
[Round "21"]
[White "waxneedles"]
[Black "dg"]
[WhiteElo "789"]
[BlackElo "1132"]
[PlyCount "37"]
[Result "1-0"]

1.e4 e5 2.Nf3 Nc6 3.Bc4 h6 4.O-O Nf6 5.Nc3 Bd6 
6.d3 O-O 7.Be3 b6 8.Nd5 Bb7 9.c3 Ne7 10.Nxf6+ gxf6 
11.Bxh6 Re8 12.Nh4 Ng6 13.Nxg6 Kh7 14.Bxf7 Kxh6 
15.Bxe8 Qxe8 16.Nh4 Qg8 17.Nf5+ Kg6 18.Qg4+ Kf7 
19.Nh6+ 1-0

[Event "HCL-C038"]
[Site "www.playchess.de"]
[Date "2001.01.20"]
[Round "3"]
[White "darkone"]
[Black "Ramon"]
[WhiteElo "1000"]
[BlackElo "1055"]
[PlyCount "79"]
[Result "1-0"]

1.d4 d5 2.c4 dxc4 3.Nf3 Nf6 4.e3 Nc6 5.Nc3 Bf5 
6.Bxc4 e6 7.a3 Bd6 8.Bd3 O-O 9.O-O a6 10.e4 Bg4 
11.Qc2 e5 12.d5 Nd4 13.Nxd4 exd4 14.f3 Bd7 15.Ne2 
Bb5 16.a4 Bxd3 17.Qxd3 c5 18.Bd2 Qe7 19.Rfc1 Rac8 
20.b3 Rce8 21.b4 Nxe4 22.fxe4 Qxe4 23.Qxe4 Rxe4 
24.Rce1 Rfe8 25.Kf2 d3 26.Ng3 R4e5 27.Kf3 f6 
28.Rxe5 fxe5 29.Ne4 Rf8+ 30.Ke3 Be7 31.d6 Bd8 
32.bxc5 g6 33.Kxd3 Rf5 34.Rb1 Kf7 35.Rxb7+ Ke8 
36.Kc4 Rf2 37.d7+ Ke7 38.Kd5 Re2 39.Bg5+ Kf7 
40.Bxd8 1-0

[Event "ACL-A053"]
[Site "www.playchess.de"]
[Date "2001.01.20"]
[Round "10"]
[White "traga"]
[Black "Goofy"]
[WhiteElo "1900"]
[BlackElo "1695"]
[PlyCount "69"]
[Result "1-0"]

1.e4 c5 2.Nc3 Nc6 3.Nf3 e6 4.d4 cxd4 5.Nxd4 Nf6 
6.Bg5 d6 7.Bb5 Qb6 8.Be3 Qc7 9.O-O Be7 10.Ba4 a6 
11.f4 b5 12.Bb3 b4 13.Nxc6 bxc3 14.Nxe7 Qxe7 15.e5 
cxb2 16.Rb1 dxe5 17.fxe5 Nd7 18.Qd6 Rb8 19.Rxb2 
Qxd6 20.exd6 a5 21.Rfb1 Rb4 22.c3 Re4 23.Bd4 e5 
24.Bf2 Rg4 25.c4 a4 26.Bxa4 Rxc4 27.Bb5 Rc3 28.a4 
O-O 29.Be1 Re3 30.Rc1 Nf6 31.Bf2 Re4 32.a5 h6 
33.a6 Bd7 34.Ra1 Bxb5 35.Rxb5 1-0